00666nam a2200241Ia 450000100060000000300090000600800410001504000130005604000130006904100120008210000200009410000290011424500290014324500250017225000110019726000110020826000140021926000490023330000570028250000270033965000270036665000310039335414IT-RoPAU130308s9999 xx 000 0 und d aIT-RoPAU cIT-RoPAU aINGLESE aBenjamin Walter gCodice Aut. SPICS: 9336 aAuthor as Producer (The) bThinking Photography a1a ed. aLONDON bMacmillan c1984 [1° Ed.:1982 - Ed.Ling.Originale:1982] a"17 p. (prefazione: no ; testo: 17 [pagine: 15-31])" aAutore Come Produttore aLINGUAGGIO FOTOGRAFICO eCodice materia Spics: 6754